000 00178nam a2200085Ia 4500
008 220204s9999 xx 000 0 und d
082 _a82-7
_bFUN
245 0 _aFun fare
942 _cBK
999 _c29093
_d29093